000 00704cam a2200229 a 4500
008
020 _a026269235x (pbk.)
049 _aMAIN
090 _aTJ163.2
100 1 _aSmil, Vaclav.
245 1 0 _aEnergies :
_ban illustrated guide to the biosphere and civilization /
_cVaclav Smil.
260 _aCambridge, Mass. :
_bMIT Press,
_cc1999.
300 _axviii, 210 p. :
_bill. ;
_c24 cm.
504 _aIncludes bibliographical references
500 _aIncludes index.
650 0 _aPower resources
_xSocial aspects.
907 _a.b10026691
_b07-09-05
_c17-04-03
003
005 20230123133144.0
040 _cNUST
942 _cBOOKS
_kTJ163.2
999 _c143707
_d143707